<?xml version="1.0" encoding="UTF-8"?>
<record
    xmlns:xsi="http://www.w3.org/2001/XMLSchema-instance"
    xsi:schemaLocation="http://www.loc.gov/MARC21/slim http://www.loc.gov/standards/marcxml/schema/MARC21slim.xsd"
    xmlns="http://www.loc.gov/MARC21/slim">

  <leader>01587ngm a2200313 a 4500</leader>
  <controlfield tag="005">20220317001436.0</controlfield>
  <controlfield tag="008">161108s2014    ck     g      000 0 s    </controlfield>
  <datafield tag="082" ind1="0" ind2="4">
    <subfield code="a">520 </subfield>
    <subfield code="b">D37c</subfield>
  </datafield>
  <datafield tag="100" ind1="1" ind2=" ">
    <subfield code="a">Hawking, Stephen William</subfield>
    <subfield code="d">1942-</subfield>
  </datafield>
  <datafield tag="110" ind1=" " ind2=" ">
    <subfield code="a">Discovery Communications</subfield>
    <subfield code="9">73099</subfield>
  </datafield>
  <datafield tag="245" ind1="0" ind2="0">
    <subfield code="a">Dentro del universo</subfield>
    <subfield code="b">viaje a trav&#xE9;s del tiempo con Stephen Hawking</subfield>
    <subfield code="c">Discovery Communications</subfield>
    <subfield code="h">videodisco digital</subfield>
  </datafield>
  <datafield tag="250" ind1=" " ind2=" ">
    <subfield code="a">1a. edici&#xF3;n</subfield>
  </datafield>
  <datafield tag="300" ind1=" " ind2=" ">
    <subfield code="a">1 DVD (45 minutos)</subfield>
    <subfield code="b">sonido, color, digital</subfield>
    <subfield code="c">12 cm</subfield>
  </datafield>
  <datafield tag="490" ind1=" " ind2=" ">
    <subfield code="a">Discovery en la escuela</subfield>
  </datafield>
  <datafield tag="500" ind1=" " ind2=" ">
    <subfield code="a">Multizona</subfield>
  </datafield>
  <datafield tag="500" ind1=" " ind2=" ">
    <subfield code="a">Dolby Digital</subfield>
  </datafield>
  <datafield tag="520" ind1=" " ind2=" ">
    <subfield code="a">Me llamo Stephen Hawking, f&#xED;sico, cosm&#xF3;logo y en cierta forma so&#xF1;ador y a pesar que no puede hablar sino solo a trav&#xE9;s de un computador, en mi mente soy libre, para explorar el Universo y para plantearme grandes interrogantes, como &#xBF;si es posible viajar en el Tiempo?, podemos abrir un portal hac&#xED;a el pasado?. O en contrar un atajo hac&#xED;a el futuro? Podemos utilizar las leyes de la naturaleza para manejar el tiempo a nuestro antojo?</subfield>
  </datafield>
  <datafield tag="521" ind1=" " ind2=" ">
    <subfield code="a">Recomendado para todas las edades</subfield>
  </datafield>
  <datafield tag="650" ind1="1" ind2="4">
    <subfield code="2">LEMB</subfield>
    <subfield code="a">Astronom&#xED;a</subfield>
    <subfield code="v">Documentales</subfield>
    <subfield code="v">Videodiscos digitales</subfield>
  </datafield>
  <datafield tag="650" ind1="1" ind2="4">
    <subfield code="2">LEMB</subfield>
    <subfield code="a">Cosmolog&#xED;a</subfield>
    <subfield code="v">Documentales</subfield>
    <subfield code="v">Videodiscos digitales</subfield>
  </datafield>
  <datafield tag="700" ind1="1" ind2=" ">
    <subfield code="a">Williams, Nathan</subfield>
    <subfield code="e">editor</subfield>
    <subfield code="9">73102</subfield>
  </datafield>
  <datafield tag="740" ind1=" " ind2=" ">
    <subfield code="a">Into the universe : time travel with Stephen Hawking</subfield>
  </datafield>
  <datafield tag="942" ind1=" " ind2=" ">
    <subfield code="2">ddc</subfield>
    <subfield code="c">DVD</subfield>
  </datafield>
  <datafield tag="264" ind1=" " ind2=" ">
    <subfield code="a">Bogot&#xE1;</subfield>
    <subfield code="b">MS Tv &amp; Videos</subfield>
    <subfield code="c">2014</subfield>
  </datafield>
  <datafield tag="336" ind1=" " ind2=" ">
    <subfield code="a">texto</subfield>
    <subfield code="b">txt</subfield>
    <subfield code="2">rdacontent</subfield>
  </datafield>
  <datafield tag="337" ind1=" " ind2=" ">
    <subfield code="a">sin mediaci&#xF3;n</subfield>
    <subfield code="b">n</subfield>
    <subfield code="2">rdamedia</subfield>
  </datafield>
  <datafield tag="338" ind1=" " ind2=" ">
    <subfield code="a">volumen</subfield>
    <subfield code="b">nc</subfield>
    <subfield code="2">rdacarrier</subfield>
  </datafield>
  <datafield tag="040" ind1=" " ind2=" ">
    <subfield code="a">CO-BoRNBP</subfield>
    <subfield code="b">spa</subfield>
    <subfield code="e">rda</subfield>
    <subfield code="c">CO-BoRNBP</subfield>
  </datafield>
  <datafield tag="999" ind1=" " ind2=" ">
    <subfield code="c">6992</subfield>
    <subfield code="d">6992</subfield>
  </datafield>
</record>
